| 000 | 00000nam##2200000za#4500 |
| 001 | 9.615988 |
| 003 | CaOODSP |
| 005 | 20211126112847 |
| 007 | ta |
| 008 | 150406|2002||||xxc||||| f|0| 0 eng|d |
| 022 | |a1192-5434 |
| 040 | |aCaOODSP|beng |
| 043 | |an-cn--- |
| 086 | 1 |aFB3-2/102-15E |
| 110 | 2 |aBank of Canada. |
| 245 | 10|aCorporate bond spreads and the business cycle / |cby Zhiwei Zhang. |
| 260 | |aOttawa - Ontario : |bBank of Canada |c2002. |
| 300 | |avi, 28p. : |bgraphs, references, tables ; |c28 cm. |
| 490 | 1 |aWorking paper|x1192-5434|v2002-15 |
| 500 | |aThis paper examines the predictive power of credit spreads from the corporate bond market... The author finds that linear models based on stock market movements, the risk-free short rate, and the term spread can explain only 7 per cent of the variations in the high-yield spread."--Abstract. |
| 546 | |aRésumés en français. |
| 563 | |aSoftcover |
| 590 | |a02-27|b2002-07-05 |
| 690 | 07|aBonds|2gcpds |
| 690 | 07|aBusinesses|2gcpds |
| 690 | 07|aModels|2gcpds |
| 690 | 07|aStock markets|2gcpds |
| 776 | 0#|tCorporate bond spreads and the business cycle / |w(CaOODSP)9.571595 |
| 830 | #0|aWorking paper,|x1192-5434|v2002-15|w(CaOODSP)9.514622 |